Evaluating neighborhood crime prevention programs
| Main Author: | |
|---|---|
| Format: | Print Book |
| Language: | English |
| Published: |
The Hague
Ministry of Justice
1985
|
| In: |
Research and Documentation Centre (88)
Year: 1985 |
| Availability in Tübingen: | Present in Tübingen. UB: KB 8 E 41 |
| Check availability: | HBZ Gateway |
| Subito Delivery Service: | Order now. |
MARC
| LEADER | 00000cam a2200000 c 4500 | ||
|---|---|---|---|
| 001 | 1090957238 | ||
| 003 | DE-627 | ||
| 005 | 20220514123852.0 | ||
| 007 | tu | ||
| 008 | 900710s1985 xx ||||| 00| ||eng c | ||
| 035 | |a (DE-627)1090957238 | ||
| 035 | |a (DE-576)020957238 | ||
| 035 | |a (DE-599)BSZ020957238 | ||
| 035 | |a (OCoLC)13434106 | ||
| 040 | |a DE-627 |b ger |c DE-627 |e rakwb | ||
| 041 | |a eng | ||
| 100 | 1 | |a Skogan, Wesley G. |0 (DE-588)136524176 |0 (DE-627)694444952 |0 (DE-576)163096848 |4 aut | |
| 109 | |a Skogan, Wesley G. |a Skogan, Wesley K. |a Skogan, Wesley | ||
| 245 | 1 | 0 | |a Evaluating neighborhood crime prevention programs |c Wesley G. Skogan |
| 264 | 1 | |a The Hague |b Ministry of Justice |c 1985 | |
| 300 | |a 53 S. | ||
| 336 | |a Text |b txt |2 rdacontent | ||
| 337 | |a ohne Hilfsmittel zu benutzen |b n |2 rdamedia | ||
| 338 | |a Band |b nc |2 rdacarrier | ||
| 490 | 1 | |a Research- and Documentation Centre |v 88 | |
| 583 | 1 | |a Archivierung prüfen |c 20200919 |f DE-640 |z 3 |2 pdager | |
| 810 | 2 | |a Wetenschappelijk Onderzoek- en Documentatiecentrum |g Den Haag |t Research and Documentation Centre |v 88 |9 88 |w (DE-627)169139204 |w (DE-576)01390342X |w (DE-600)896616-3 |7 am | |
| 951 | |a BO | ||
| ELC | |b 1 | ||
| LOK | |0 000 xxxxxcx a22 zn 4500 | ||
| LOK | |0 001 2147370096 | ||
| LOK | |0 003 DE-627 | ||
| LOK | |0 004 1090957238 | ||
| LOK | |0 005 19900710000000 | ||
| LOK | |0 008 900710||||||||||||||||ger||||||| | ||
| LOK | |0 040 |a DE-21 |c DE-627 |d DE-21 | ||
| LOK | |0 852 |a DE-21 | ||
| LOK | |0 852 1 |c KB 8 E 41 |9 00 | ||
| LOK | |0 935 |a krim | ||
| LOK | |0 936ln |a k1 | ||
| LOK | |0 939 |a 10-07-90 |b l01 | ||
| ORI | |a SA-MARC-krimdoka001.raw | ||
| SIG | |a UB: KB 8 E 41 | ||
